[Event "Groningen Atlantis op-A"]
[Site "Groningen"]
[Date "2013.08.23"]
[Round "3"]
[White "Hummel, Paul"]
[Black "Balje, Jan"]
[Result "1/2-1/2"]
[WhiteElo "2034"]
[BlackElo "2189"]
[PlyCount "39"]
[EventDate "2013.08.22"]
[EventType "swiss"]
[EventRounds "7"]
[EventCountry "NED"]
[SourceTitle "CBM 156 Extra"]
[Source "ChessBase"]
[SourceDate "2013.10.22"]
[SourceVersion "1"]
[SourceVersionDate "2013.10.22"]
[SourceQuality "1"]

1. Nf3 Nf6 2. g3 d5 3. Bg2 c6 4. 0-0 Bg4 5. Ne5 Bf5 6. d4 e6 7. c4 Nbd7 8. Nc3 Be7 9. Kh1 0-0 10. Bf4 h6 11. cxd5 cxd5 12. Rc1 Rc8 13. Qb3 Qb6 14. Nxd7 Nxd7 15. Qxb6 Nxb6 16. e4 dxe4 17. Nxe4 Bxe4 18. Bxe4 Nd5 19. Rxc8 Rxc8 20. Rc1 1/2-1/2

[Event "Groningen op-B"]
[Site "Groningen"]
[Date "2008.12.22"]
[Round "2"]
[White "Dijkstra, Maarten"]
[Black "Hummel, Paul"]
[Result "0-1"]
[WhiteElo "1869"]
[BlackElo "1990"]
[PlyCount "78"]
[EventDate "2008.12.21"]
[EventType "swiss"]
[EventRounds "9"]
[EventCountry "NED"]
[SourceTitle "CBM 127 Extra"]
[Source "ChessBase"]
[SourceDate "2009.01.08"]
[SourceVersion "2"]
[SourceVersionDate "2009.01.28"]
[SourceQuality "1"]

1. d4 Nf6 2. Bg5 g6 3. Bxf6 exf6 4. c4 Bg7 5. Nc3 0-0 6. g3 d6 7. Bg2 Nd7 8. e3 f5 9. Nge2 Nf6 10. 0-0 c6 11. Qc2 Re8 12. Rfd1 Qe7 13. b4 Ne4 14. Rab1 Bd7 15. d5 Qe5 16. Nxe4 fxe4 17. dxc6 bxc6 18. c5 d5 19. Nd4 Qc7 20. Rdc1 Bxd4 21. exd4 e3 22. Rb3 Bf5 23. Qe2 exf2+ 24. Qxf2 Be4 25. b5 cxb5 26. Rxb5 Qc6 27. Bxe4 Rxe4 28. Rcb1 Rae8 29. Rb7 Qe6 30. Rb8 Rxb8 31. Rxb8+ Kg7 32. Rb2 h5 33. Kf1 Qh3+ 34. Kg1 h4 35. gxh4 Qg4+ 36. Kh1 Rxd4 37. Rd2 Rc4 38. Qg3 Qe4+ 39. Kg1 Rc1+ 0-1